000 00714nam a2200253Ia 4500
003 OSt
005 20220926025109.0
006 a|||||r|||| 00| 0
007 ta
008 220923b |||||||| |||| 00| 0 eng d
020 _a0198282877
037 _cGeneral Book
040 _aRTL
_cRTL
_beng
041 _2eng
_aeng
082 _aX.5923.N8, M5
100 _aProut Christopher
_9331839
245 0 _aMarket socialism in Yugoslavia
260 _aOxford
_bOxford University Press
_c1985
300 _aviii,259p.
_ccm.
490 _aEconomies of the World
650 _aEconomic Condition Russia
942 _hX.5923.N8, M5
_cGB
_2CC
999 _c646243
_d646243